Building regulations in brief (Record no. 104252)

MARC details
000 -LEADER
fixed length control field 01209cam a2200265 4500
001 - CONTROL NUMBER
control field L219643
008 - FIXED-LENGTH DATA ELEMENTS--GENERAL INFORMATION
fixed length control field 050506n2005 000 0 eng u
020 ## - INTERNATIONAL STANDARD BOOK NUMBER
International Standard Book Number 0750667036
035 ## - SYSTEM CONTROL NUMBER
System control number (Sirsi) u129643
041 ## - LANGUAGE CODE
Language code of text/sound track or separate title eng
050 ## - LIBRARY OF CONGRESS CALL NUMBER
Classification number 692.8
-- 18
100 ## - MAIN ENTRY--PERSONAL NAME
Personal name Tricker, Ray
245 ## - TITLE STATEMENT
Title Building regulations in brief
250 ## - EDITION STATEMENT
Edition statement 3rd ed.
260 ## - PUBLICATION, DISTRIBUTION, ETC.
Place of publication, distribution, etc. Oxford
Name of publisher, distributor, etc. Elsevier Butterworth-Heinemann
Date of publication, distribution, etc. 2005
300 ## - PHYSICAL DESCRIPTION
Extent xxii, 714p.
Dimensions 24cm
350 ## - PRICE (NR) (BK AM CF MU VM SE) [OBSOLETE]
Price 19.99
520 ## - SUMMARY, ETC.
Summary, etc. A quick reference manual to the requirements of the Building Regulations covering cost-effective ways to comply with the new requirements. This new edition includes revised Part A (structures), revised Part C (site preparation and resistance to contaminants and moisture), new Part P (electrical safety) and details of the proposed changes to Parts L (fuel consumption) and F (ventilation). Also includes a detailed index to help direct enquiries to the relevant section.
520 ## - SUMMARY, ETC.
Summary, etc. Superseded by fourth edition (ISBN 075068058X).
590 ## - LOCAL NOTE (RLIN)
Local note IKA020805
650 ## - SUBJECT ADDED ENTRY--TOPICAL TERM
Topical term or geographic name entry element BUILDING REGULATIONS 2000
650 ## - SUBJECT ADDED ENTRY--TOPICAL TERM
Topical term or geographic name entry element BUILDING REGULATIONS 2000 APPROVED DOCUMENT F (2006 EDITION)
690 ## - LOCAL SUBJECT ADDED ENTRY--TOPICAL TERM (OCLC, RLIN)
Topical term or geographic name as entry element Building regulations
9 (RLIN) 6224
942 ## - ADDED ENTRY ELEMENTS (KOHA)
Suppress in OPAC 0
Holdings
Withdrawn status Lost status Source of classification or shelving scheme Damaged status Not for loan Home library Current library Shelving location Date acquired Cost, normal purchase price Total Checkouts Full call number Barcode Date last seen Date last checked out Copy number Cost, replacement price Price effective from Koha item type
    Dewey Decimal Classification     London London Basement 27/07/2005 16.99 9 SHELF 329 30063481 06/08/2019 29/03/2007 1 16.99 06/08/2019 Book